Music Quiz

Random Music or Song Quiz
Score 0/145 Timer 08:00
4 Plays Today
% Correct
Layla,
97.7%
Layla,
97.7%
Layla,
97.7%
Layla,
97.7%
Layla,
97.7%
Layla,
97.7%
Layla,
97.7%
Layla,
97.7%
Layla,
97.7%
you
96.1%
you
96.1%
You
96.1%
you
96.1%
you
96.1%
you
96.1%
you.
96.1%
you
96.1%
you
96.1%
me
93.3%
me
93.3%
me
93.3%
me
93.3%
on
92.7%
on
92.7%
on
92.7%
my
92.5%
my
92.5%
my
92.5%
my
92.5%
my
92.5%
my
92.5%
my
92.5%
my
92.5%
I
92.4%
I
92.4%
I
92.4%
knees.
89.1%
knees.
89.1%
knees.
89.1%
go
89%
got
88.7%
got
88.7%
got
88.7%
please.
83.6%
please.
83.6%
Please
83.6%
please.
83.6%
a
82.5%
a
82.5%
% Correct
darling
77.4%
darling
77.4%
darling
77.4%
darling
77.4%
darling
77.4%
darling
77.4%
begging,
75.3%
begging,
75.3%
begging,
75.3%
do
74.9%
I'm
73.2%
I'm
73.2%
I'm
73.2%
You've
71.5%
you've
71.5%
you've
71.5%
you've
71.5%
won't
70.1%
won't
70.1%
won't
70.1%
love
69.2%
when
68.2%
when
68.2%
in
68%
in
68%
the
66.6%
the
66.6%
your
66.5%
your
66.5%
your
66.5%
to
65.5%
and
61.9%
and
61.9%
and
61.9%
mind?
60%
mind?
60%
mind?
60%
ease
58.9%
ease
58.9%
ease
58.9%
with
57.9%
he
56.5%
worried
53.8%
worried
53.8%
worried
53.8%
get
52.7%
by
51.6%
of
49.3%
don't
48.3%
% Correct
lonely
48%
side?
47.4%
know
46.4%
fool,
45.9%
down.
45.1%
down.
45.1%
just
44.8%
it's
44.6%
too
43.4%
fell
42.7%
Like
40.6%
say,
40.6%
foolish
40.5%
been
40%
let
38.9%
waiting
38.9%
pride.
38.9%
all
37.7%
make
36.2%
What'll
35.7%
man,
35.7%
never
35.6%
way,
35.5%
give
35.2%
world
34.8%
situation
33.6%
best
33%
long.
32.6%
nobody's
32%
whole
31.8%
tell
31.5%
find
31.4%
much
31.4%
upside
31.2%
we'll
29.9%
tried
29.4%
Turned
29.2%
before
29.2%
love's
29%
insane.
28.4%
old
28%
vain.
26.9%
consolation
25.9%
finally
24.8%
hiding
24.7%
running
23.8%
Let's
19.1%
Remove Ads.
Support Sporcle.
Get the best of Sporcle when you Go Orange. This ad-free experience offers more features, more stats, and more fun while also helping to support Sporcle. Thank you for becoming a member.

You're not logged in!

Compare scores with friends on all Sporcle quizzes.
OR
Log In

Show Comments

Extras

Top Quizzes Today


Score Distribution

Your Account Isn't Verified!

In order to create a playlist on Sporcle, you need to verify the email address you used during registration. Go to your Sporcle Settings to finish the process.

Report this User

Report this user for behavior that violates our Community Guidelines.

Details: